| 000 | 00545cam a2200181 4500500 | ||
|---|---|---|---|
| 005 | 20260405002045.0 | ||
| 041 | _afre | ||
| 042 | _adc | ||
| 100 | 1 | 0 |
_aNathan, Tobie _eauthor |
| 245 | 0 | 0 | _aNouvelle-Guinée. Eau de l’homme |
| 260 | _c2015. | ||
| 500 | _a20 | ||
| 690 | _aNouvelle-Guinée | ||
| 690 | _aSperme | ||
| 690 | _aTobie Nathan | ||
| 786 | 0 | _nPhilosophie magazine | 92 | 9 | 2015-09-01 | p. 56-56 | 1951-1787 | |
| 856 | 4 | 1 | _uhttps://shs.cairn.info/magazine-philosophie-magazine-2015-9-page-56?lang=fr&redirect-ssocas=7080 |
| 999 |
_c2053791 _d2053791 |
||